Auxiliary information in nonresponse and coverage error problems solution in statistical surveys
Vplyv neodpovedania na presnosť odhadov, príčiny neodpovedania. Eliminácia vplyvu neodpovedania a chýb neúplného pokrytia. Úprava pomocou váhových tried, poststratifikačná úprava. Ilustratívny príklad.
Na minha lista:
| Autor principal: | |
|---|---|
| Formato: | Capítulo de Livro |
| Idioma: | inglês |
| Assuntos: | |
| Tags: |
Sem tags, seja o primeiro a adicionar uma tag!
|
MARC
| LEADER | 00000naa$a2200000$$$4500 | ||
|---|---|---|---|
| 001 | 0233581 | ||
| 005 | 20240502083622.3 | ||
| 041 | 0 | |a eng | |
| 044 | |a AL | ||
| 245 | 1 | 0 | |a Auxiliary information in nonresponse and coverage error problems solution in statistical surveys |c Milan Terek |
| 520 | |a Vplyv neodpovedania na presnosť odhadov, príčiny neodpovedania. Eliminácia vplyvu neodpovedania a chýb neúplného pokrytia. Úprava pomocou váhových tried, poststratifikačná úprava. Ilustratívny príklad. | ||
| 610 | 2 | 0 | |a prieskum štatistický |
| 610 | 2 | 0 | |a štatistika |
| 610 | 2 | 0 | |a spracovanie dát |
| 610 | 2 | 0 | |a chyby štatistické |
| 100 | 1 | |a Terek, Milan | |